Capitale et pays #Spécial - Statistiques

Statistiques générales
  • Ce quiz a été pris 74 fois
    51 depuis la dernière actualisation
  • Le résultat moyen est 29 sur 71
Statistiques - réponses
Continent Réponse Lettre % Correct
Afrique Maroc P
69%
Europe Paris C
69%
Afrique Tunis C
69%
Amérique du Sud Caracas C
66%
Amérique du Nord Panama P et C
66%
Afrique Rabat C
59%
Amérique du Nord Canada P
55%
Asie Irak P
55%
Asie Iran P
55%
Europe Vatican P et C
55%
Amérique du Nord Bahamas P
52%
Amérique du Nord Cuba P
52%
Océanie Kiribati P
52%
Asie Pekin C
52%
Afrique Abuja C
48%
Asie Japon P
48%
Amérique du Sud Lima C
48%
Afrique Lome C
48%
Afrique Mali P
48%
Asie Manama C
48%
Europe Monaco P et C
48%
Afrique Togo P
48%
Océanie Tuvalu P
48%
Afrique Bamako C
45%
Amérique du Nord Belize P
45%
Amérique du Sud Bogota C
45%
Europe Riga C
45%
Europe Rome C
45%
Océanie Salomon P
45%
Afrique Benin P
41%
Asie Erevan C
41%
Afrique Harare C
41%
Afrique Malawi P
41%
Afrique Maputo C
41%
Afrique Maseru C
41%
Amérique du Nord Mexico C
41%
Asie Qatar P
41%
Amérique du Sud Suriname P
41%
Afrique Dakar C
38%
Afrique Dodoma C
38%
Asie Doha C
38%
Afrique Gabon P
38%
Europe Kosovo P
38%
Asie Nepal P
38%
Afrique Niger P
38%
Asie Oman P
38%
Afrique Gaborone C
34%
Afrique Kigali C
34%
Amérique du Sud La Paz C
34%
Afrique Lusaka C
34%
Afrique Moroni C
34%
Océanie Palikir C
34%
Afrique Senegal P
34%
Océanie Suva C
34%
Asie Teheran C
34%
Europe Vaduz C
34%
Afrique Comores P
31%
Afrique Gitega C
31%
Afrique Malabo C
31%
Amérique du Sud Paramaribo C
31%
Europe Tirana C
31%
Asie Dili C
28%
Océanie Funafuti C
28%
Asie Jerusalem C
28%
Amérique du Nord La Havane C
28%
Asie Damas C
24%
Asie Liban P
24%
Océanie Majuro C
24%
Europe Sarajevo C
24%
Océanie Tarawa Sud C
17%
Océanie Alofi C
3%
Aucun quiz correspondant
Distribution des résultats
% des personnes avec chaque résultat
Percentile par nombre de réponses
Votre historique - résultats
Vous n’avez pas pris ce quiz depuis la dernière actualisation